Selected references on aging; (Record no. 90965)

MARC details
000 -LEADER
fixed length control field 00954cam a22002411 4500
001 - CONTROL NUMBER
control field ss 55000224
003 - CONTROL NUMBER IDENTIFIER
control field DLC
005 - DATE AND TIME OF LATEST TRANSACTION
control field 20260227112752.0
008 - FIXED-LENGTH DATA ELEMENTS--GENERAL INFORMATION
fixed length control field 750108s1955 xx 000 0 eng
010 ## - LIBRARY OF CONGRESS CONTROL NUMBER
LC control number ss 55000224
035 ## - SYSTEM CONTROL NUMBER
System control number (OCoLC)1134689
040 ## - CATALOGING SOURCE
Original cataloging agency DLC
Transcribing agency MBNU
Modifying agency MBU-M
-- OCoLC
-- DLC
050 00 - LIBRARY OF CONGRESS CALL NUMBER
Classification number Z7164.O4
Item number U48
082 ## - DEWEY DECIMAL CLASSIFICATION NUMBER
Classification number 016.3626
110 1# - MAIN ENTRY--CORPORATE NAME
Corporate name or jurisdiction name as entry element United States.
Subordinate unit Department of Health, Education, and Welfare.
-- Library.
245 10 - TITLE STATEMENT
Title Selected references on aging;
Remainder of title an annotated bibliography, 1955.
Statement of responsibility, etc. Compiled for the Committee on Aging.
260 ## - PUBLICATION, DISTRIBUTION, ETC.
Place of publication, distribution, etc. Washington
Name of publisher, distributor, etc. [U.S. Govt. Print. Off.,
Date of publication, distribution, etc. 1955]
300 ## - PHYSICAL DESCRIPTION
Extent iv, 64 p.
Dimensions 23 cm.
500 ## - GENERAL NOTE
General note Earlier editions issued by the Federal Security Agency. Library.
650 #0 - SUBJECT ADDED ENTRY--TOPICAL TERM
Topical term or geographic name entry element Older people
Form subdivision Bibliography.
710 1# - ADDED ENTRY--CORPORATE NAME
Corporate name or jurisdiction name as entry element United States.
Subordinate unit Committee on Aging.
710 1# - ADDED ENTRY--CORPORATE NAME
Corporate name or jurisdiction name as entry element United States.
Subordinate unit Federal Security Agency.
-- Library.
Title of a work Selected references on aging; an annotated bibliography.

No items available.

Powered by Koha